00505nam a22001937a 450000500170000000800410001702000290005804000200008704100100010708200160011710000230013324500480015626000380020430000190024265000160026185000100027794200070028799900170029420190805112657.0190805b xxu||||| |||| 00| 0 eng d a978935008591cRs. 300.00 aLoreto College  aHindi a491.43bTIW aTiwari, Bholanath  aHindi Bhasha ki SanrachnacBholanath Tiwari aNew Delhi bVani Prakashan c2011 a248 p.b24 cm. aHindi Vasa  aLCLIB cBK c42316d92795